000 00429nam a2200181Ia 4500
005 20240823042331.0
008 240823s9999||||xx |||||||||||||| ||und||
041 _aENGLISH
082 _A174.962 P6
100 _aJayakumar V
245 0 _aProfessional Ethics and Human Values
250 _a1st
260 _c2006
_b"Lakshmi,Nagapat"
500 _aTRANSFERED
650 _aEthics
_bGeneral
942 _cBK
999 _c207620
_d207620